000
00268nam a2200109Ia 4500
008
200302s9999 xx 000 0 und d
100
_a
M. D. Clark & Other
245
_a
Structures
260
_b
Schools Council By MacMillan Education
260
_c
1974
300
_a
101 P.,
999
_c
431
_d
431